La idea de Derecho en el Perú republicano del siglo XIX.
Guardat en:
| Autor principal: | |
|---|---|
| Format: | Llibre |
| Idioma: | espanyol |
| Publicat: |
Lima, Perú:
Pontificia Universidad Católica del Perú,
1992.
|
| Edició: | Segunda edición. |
| Matèries: | |
| Etiquetes: |
Afegir etiqueta
Sense etiquetes, Sigues el primer a etiquetar aquest registre!
|
MARC
| LEADER | 00000nam a2200000 a 4500 | ||
|---|---|---|---|
| 001 | UCR4663 | ||
| 003 | CL-VaPUC | ||
| 005 | 20220829094355.0 | ||
| 008 | 980313e19920000PE |||||||||||||||||spa|d | ||
| 999 | |c 267563 |d 267561 | ||
| 040 | |c Pontificia Universidad Católica de Valparaíso | ||
| 082 | 0 | 4 | |a 349.85 TRA 1992 |2 21 |
| 100 | |a Trazegnies Granda, Fernando de |e autor |9 405140 | ||
| 245 | 1 | 3 | |a La idea de Derecho en el Perú republicano del siglo XIX. |
| 250 | |a Segunda edición. | ||
| 260 | 0 | 3 | |a Lima, Perú: |b Pontificia Universidad Católica del Perú, |c 1992. |
| 300 | |a 381 páginas. | ||
| 500 | |a c.2 Donación Familia Prof. Alejandro Guzmán Brito. | ||
| 583 | |a last modification |c 20170613 10:34:09 |k Rodrigo Vera | ||
| 650 | 0 | |a Derecho peruano |9 386941 | |
| 650 | 0 | |a Historia del derecho |9 255109 | |
| 650 | 0 | |a Abolición de la esclavitud |9 398424 | |
| 650 | 0 | |a Filosofía del derecho |9 255050 | |
| 650 | 0 | |a Derecho positivo |9 255911 | |
| 650 | 0 | |a Ordenamiento jurídico |9 355371 | |
| 942 | |c BK |2 ddc |n 0 | ||
| 945 | |d 19980313 00:00:00 |a aolguin | ||
| 952 | |0 0 |1 0 |2 ddc |4 0 |6 349_850000000000000_TRA_1992 |7 0 |8 DER_HDC |9 299956 |a BIBDER |b BIBDER |d 2019-11-20 |i 1961144 |o 349.85 TRA 1992 |p 1961144 |r 2023-01-25 |t 1 |w 2019-11-20 |x Ubicación 4to Piso |y BK |z Estos recursos deben solicitarse con anticipación |k DER | ||